[Event "Erbil Khanzad Cup 10th"]
[Site "Erbil"]
[Date "2018.04.20"]
[Round "5"]
[White "Waseem, Raad Najeeb"]
[Black "Jalaluldeen, Kareen Kamal J"]
[Result "0-1"]
[WhiteElo "1659"]
[BlackElo "1796"]
[PlyCount "84"]
[EventDate "2018.04.18"]
[EventType "swiss"]
[EventRounds "9"]
[EventCountry "IRQ"]
[SourceTitle "CBM 184 Extra"]
[Source "ChessBase"]
[SourceDate "2018.06.28"]
[SourceVersion "1"]
[SourceVersionDate "2018.06.28"]
[SourceQuality "1"]

1. f4 d5 2. e3 c5 3. Nf3 Nf6 4. Be2 Nc6 5. 0-0 g6 6. d3 Bg7 7. a4 0-0 8. Ne5 Qc7 9. Nxc6 bxc6 10. Bf3 Ba6 11. Bd2 c4 12. Bc3 cxd3 13. cxd3 e6 14. Na3 Qb6 15. Nc2 c5 16. Kh1 Rac8 17. Rf2 Rfd8 18. Rd2 d4 19. exd4 cxd4 20. a5 Qc5 21. Bb4 Qb5 22. Ba3 Nd5 23. Bxd5 Rxd5 24. Nb4 Rf5 25. Nxa6 Qxa6 26. Rc1 h5 27. Rxc8+ Qxc8 28. Rc2 Qa6 29. Qd2 Rxa5 30. g3 Rb5 31. Rc4 Qb7+ 32. Qg2 Qxg2+ 33. Kxg2 Rb3 34. Rc8+ Kh7 35. Kf2 Rxd3 36. Ke2 Re3+ 37. Kf2 e5 38. Rc7 e4 39. Rxf7 Kh6 40. Rxa7 Rf3+ 41. Ke1 d3 42. b4 Bc3+ 0-1